On This Day: December 8th Quiz Stats

 Plays Quiz Updated Dec 8, 2017

Challenge
Share
Tweet
Embed
Score 0/7 Timer 03:00
0 Plays Today
Question Answer Wrong Answers
This former Beatle is assassinated by Mark David Chapman while entering his New York City apartment.
1980
John Lennon
94.6%
Ringo Starr
1%
Paul McCartney
1.2%
George Harrison
1.1%
The First Vatican Council, in which Papal infallibility and other contemporary Catholic issues are addressed, begins in this capital city.
1869
Rome
91.2%
Bern
1.2%
Vienna
6.2%
Madrid
1.4%
This musical, later turned into a hit film starring Marilyn Monroe, opens for the first of more than 700 performances.
1949
Gentlemen Prefer Blondes
80.4%
Guys and Dolls
14.8%
A Tree Grows in Brooklyn
1.2%
Doll Face
2.2%
_____, author of 'Love in the Time of Cholera' and 'One Hundred Years of Solitude', is awarded the Nobel Prize for Literature.
1982
Gabriel García Márquez
72.5%
Mario Vargas Llosa
5.8%
Roberto Bolaño
4.5%
Jorge Luis Borges
14.8%
This President delivers his 'Atoms for Peace' speech to the UN, proposing that the US harness nuclear power for global improvement rather than weaponization.
1953
Dwight Eisenhower
68.4%
Harry Truman
20.8%
John F. Kennedy
5.2%
Lyndon B. Johnson
3.9%
Joining Russian and Ukrainian federations, this nation helps establish the Commonwealth of Independent States during the dissolution of the Soviet Union.
1991
Belarus
53.7%
Estonia
13.6%
Latvia
10.8%
Poland
19.4%
The poem 'In Flanders Fields', written by this poet, appears anonymously in UK literary staple, Punch magazine.
1915
John McCrae
26.6%
W.B. Yeats
45.9%
W.H. Auden
18%
G.K. Chesterton
8.8%

Today's Daily Dose

You're not logged in!

Compare scores with friends on all Sporcle quizzes.
Join for Free
OR
Log In

You Might Also Like...

Show Comments

Extras

Top Quizzes Today


Score Distribution

Your Account Isn't Verified!

In order to create a playlist on Sporcle, you need to verify the email address you used during registration. Go to your Sporcle Settings to finish the process.

Report this User

Report this user for behavior that violates our Community Guidelines.

Details: